Global environmental politics (Record no. 195196)

MARC details
000 -LEADER
fixed length control field 00870nam a2200253Ia 4500
008 - FIXED-LENGTH DATA ELEMENTS--GENERAL INFORMATION
fixed length control field 191130s2005##################000#0#eng##
020 ## - INTERNATIONAL STANDARD BOOK NUMBER
ISBN 9780813343327
082 ## - DEWEY DECIMAL CLASSIFICATION NUMBER
Classification number 363.7056 CHA
100 ## - MAIN ENTRY--AUTHOR NAME
Personal name Chasek, Pamela S
245 ## - TITLE STATEMENT
Title Global environmental politics
Statement of responsibility, etc Pamela S. Chasek, David L. Downie, Janet Welsh Brown
250 ## - EDITION STATEMENT
Edition statement 4th ed
260 ## - PUBLICATION, DISTRIBUTION, ETC. (IMPRINT)
Place of publication Boulder, Colo
Name of publisher Westview Press
Year of publication 2005
300 ## - PHYSICAL DESCRIPTION
Number of Pages xviii, 350 p
500 ## - GENERAL NOTE
General note Rev. ed of: Global environmental politics / Gareth Porter, Janet Welsh Brown, and Pamela S. Chasek. 3rd ed. 2000. Includes bibliographical references and index
650 ## - SUBJECT ADDED ENTRY--TOPICAL TERM
Topical Term Environmental policy
700 ## - ADDED ENTRY--PERSONAL NAME
Personal name Brown, Janet Welsh
Personal name Downie, David Leonard
Personal name Porter, Gareth
991 ## -
-- 352121
Holdings
Withdrawn status Lost status Damaged status Not for loan Home library Current library Date acquired Full call number Accession Number Price effective from Koha item type
        Anna Centenary Library Anna Centenary Library 13.10.2020 363.7056 CHA 400161 13.10.2020 English Books

Find us on the map